ARRUPE JESUIT UNIVERSITY

CORONAVIRUS -STOP THE SPREAD - CLEAN,DISINFECT,COVER

Rending and renewing the social order (Record no. 11740)

MARC details
000 -LEADER
fixed length control field 00465nam a2200181Ia 4500
003 - CONTROL NUMBER IDENTIFIER
control field 0100
005 - DATE AND TIME OF LATEST TRANSACTION
control field 20190717124210.0
008 - FIXED-LENGTH DATA ELEMENTS--GENERAL INFORMATION
fixed length control field 130303s9999 xx 000 0 und d
020 ## - INTERNATIONAL STANDARD BOOK NUMBER
International Standard Book Number 773496874
040 ## - CATALOGING SOURCE
Transcribing agency ARRUPELIB
050 ## - LIBRARY OF CONGRESS CALL NUMBER
Classification number HM131.R447 1996
245 ## - TITLE STATEMENT
Title Rending and renewing the social order
260 ## - PUBLICATION, DISTRIBUTION, ETC. (IMPRINT)
Place of publication, distribution, etc Lewiston
Name of publisher, distributor, etc Edwin Mellen Press
Date of publication, distribution, etc 1996
300 ## - PHYSICAL DESCRIPTION
Extent 480 p.
440 ## - SERIES STATEMENT/ADDED ENTRY--TITLE
Title Social Philosophy today
9 (RLIN) 47164
650 ## - SUBJECT ADDED ENTRY--TOPICAL TERM
Topical term or geographic name as entry element Social justice
General subdivision Congresses
9 (RLIN) 47165
650 ## - SUBJECT ADDED ENTRY--TOPICAL TERM
Topical term or geographic name as entry element Social conflict
General subdivision Congresses
9 (RLIN) 47166
650 ## - SUBJECT ADDED ENTRY--TOPICAL TERM
Topical term or geographic name as entry element Rationalism
General subdivision Congresses
9 (RLIN) 47167
700 ## - ADDED ENTRY--PERSONAL NAME
Personal name Edited by Yeager Hudson , Hudson, Yeager
9 (RLIN) 47168
942 ## - ADDED ENTRY ELEMENTS (KOHA)
Source of classification or shelving scheme Library of Congress Classification
Koha item type Monograph ( Printed materials)
Holdings
Withdrawn status Lost status Source of classification or shelving scheme Damaged status Not for loan Collection code Home library Current library Shelving location Date acquired Total Checkouts Full call number Barcode Date last seen Date checked out Copy number Price effective from Koha item type
    Library of Congress Classification     Main Collection ARRUPE LIBRARY ARRUPE LIBRARY   04/03/2013 1 HM131.R447 1996 46003045399 17/11/2021 04/11/2021 1 04/03/2013 Monograph ( Printed materials)

 

Arrupe Library. PO Box MP320 Mt Pleasant, Harare, Zimbabwe
263 242 745411|librarian@aju.ac.zw